[Event "Copa Latinoamericana de Ajedrez 2011"]
[Site "Montevideo URU"]
[Date "2011.11.01"]
[Round "1.82"]
[White "Bertucci, Santiago"]
[Black "Cukerman, Diego"]
[Result "1/2-1/2"]
[WhiteElo "1817"]
[BlackElo "2133"]
[PlyCount "108"]
[EventDate "2011.11.01"]
[EventType "swiss"]
[EventRounds "9"]
[EventCountry "URU"]
[Source "lmi"]
[SourceDate "2011.11.01"]

1. e4 c5 2. Nf3 d6 3. d4 cxd4 4. Nxd4 Nf6 5. f3 g6 6. Be3 Bg7 7. c4 Nc6 8. Nc3
O-O 9. Nc2 Be6 10. Rb1 Rc8 11. Nd5 Bxd5 12. cxd5 Ne5 13. Be2 Qa5+ 14. Bd2 Qb6
15. Be3 Qa5+ 16. Bd2 Qc5 17. Rc1 a6 18. b4 Qa7 19. Be3 Qb8 20. O-O Nc4 21. Bxc4
Rxc4 22. Qd2 Rfc8 23. Na3 Rxc1 24. Rxc1 b5 25. Rc6 Rxc6 26. dxc6 Qc7 27. Qc1
Kf8 28. Kf1 e6 29. Bb6 Qc8 30. c7 Ne8 31. Qc6 Be5 32. g3 d5 33. exd5 exd5 34.
Kg2 Bxc7 35. Nc2 Qd8 36. Bc5+ Kg8 37. Qxa6 Qd7 38. Nd4 Nd6 39. Qa8+ Nc8 40. Qb7
Nd6 41. Qxd5 Qe7 42. Kf2 Qd7 43. Kg2 Qe7 44. a3 h6 45. Kf2 Qd7 46. Bxd6 Bxd6
47. f4 Qc7 48. Qc6 Qd8 49. Nxb5 Bf8 50. Nc7 Qd2+ 51. Kg1 Qe3+ 52. Kf1 Qxa3 53.
Nd5 Bxb4 54. Qc8+ Kg7 1/2-1/2

[Event "Copa Latinoamericana de Ajedrez 2011"]
[Site "Montevideo URU"]
[Date "2011.11.01"]
[Round "1.83"]
[White "Pesuto, Ivan"]
[Black "Rey, Fernando"]
[Result "1-0"]
[WhiteElo "2129"]
[BlackElo "1810"]
[PlyCount "65"]
[EventDate "2011.11.01"]
[EventType "swiss"]
[EventRounds "9"]
[EventCountry "URU"]
[Source "lmi"]
[SourceDate "2011.11.01"]

1. d4 Nf6 2. Nf3 g6 3. c4 Bg7 4. Nc3 d6 5. e4 O-O 6. Be2 e5 7. Be3 Nbd7 8. O-O
c6 9. d5 cxd5 10. cxd5 Nb6 11. Nd2 Ne8 12. Qb3 f5 13. f3 f4 14. Bf2 Rf7 15. a4
Bf8 16. a5 Nd7 17. Nc4 Nc7 18. Rfc1 Na6 19. Nb5 Ndc5 20. Qa3 g5 21. b4 Nd7 22.
Nxa7 Rf6 23. Rc3 Be7 24. Rac1 Qf8 25. Nxe5 dxe5 26. Rxc8 Rxc8 27. Rxc8 Qxc8 28.
Nxc8 Bxb4 29. Qa4 Ndc5 30. Qe8+ Rf8 31. Ne7+ Kg7 32. Nf5+ Kg8 33. Qxe5 1-0

[Event "Copa Latinoamericana de Ajedrez 2011"]
[Site "Montevideo URU"]
[Date "2011.11.01"]
[Round "1.84"]
[White "Rodriguez Bernardo, Pablo"]
[Black "Lopez Falcon, Jorge"]
[Result "0-1"]
[WhiteElo "2209"]
[BlackElo "2126"]
[PlyCount "52"]
[EventDate "2011.11.01"]
[EventType "swiss"]
[EventRounds "9"]
[EventCountry "URU"]
[Source "lmi"]
[SourceDate "2011.11.01"]

1. d4 Nf6 2. c4 g6 3. Nc3 Bg7 4. e4 O-O 5. f4 d6 6. Nf3 c5 7. d5 e6 8. dxe6
fxe6 9. Bd3 Nc6 10. O-O Nd4 11. Nxd4 cxd4 12. Ne2 e5 13. Ng3 Ng4 14. Qe1 Qh4
15. h3 exf4 16. Rxf4 Rxf4 17. Bxf4 Ne5 18. Bxe5 Bxe5 19. Ne2 Qg5 20. Qf2 Bxh3
21. Rf1 Bg4 22. Nxd4 Qh6 23. g3 Bh3 24. Nf3 Bxf1 25. Bxf1 Rf8 26. Qg2 Qe3+ 0-1

[Event "Copa Latinoamericana de Ajedrez 2011"]
[Site "Montevideo URU"]
[Date "2011.11.01"]
[Round "1.85"]
[White "Genta, Alejandro"]
[Black "Lopes da Luz, Paulo"]
[Result "1-0"]
[WhiteElo "2123"]
[BlackElo "1798"]
[PlyCount "57"]
[EventDate "2011.11.01"]
[EventType "swiss"]
[EventRounds "9"]
[EventCountry "URU"]
[Source "lmi"]
[SourceDate "2011.11.01"]

1. d4 d5 2. Nf3 Nf6 3. c4 e6 4. Nc3 Be7 5. Bg5 O-O 6. e3 c6 7. Rc1 Nbd7 8. Bd3
h6 9. Bh4 Re8 10. O-O dxc4 11. Bxc4 Nd5 12. Bg3 N7f6 13. Nd2 Bd6 14. e4 Nxc3
15. bxc3 e5 16. Qb3 Qc7 17. a4 Nh5 18. dxe5 Bxe5 19. Bxe5 Rxe5 20. f4 Re7 21.
e5 Bf5 22. Qd1 Qb6+ 23. Kh1 Rd8 24. Qxh5 g6 25. Qe2 h5 26. Ne4 Kg7 27. Rce1 a6
28. h3 Red7 29. Nd6 1-0

[Event "Copa Latinoamericana de Ajedrez 2011"]
[Site "Montevideo URU"]
[Date "2011.11.01"]
[Round "1.86"]
[White "Homrich Moritz, Diego"]
[Black "Magaldi, Nelson"]
[Result "0-1"]
[WhiteElo "1793"]
[BlackElo "2123"]
[PlyCount "68"]
[EventDate "2011.11.01"]
[EventType "swiss"]
[EventRounds "9"]
[EventCountry "URU"]
[Source "lmi"]
[SourceDate "2011.11.01"]

1. d4 d5 2. Nf3 Nf6 3. e3 e6 4. Bd3 c5 5. b3 cxd4 6. exd4 Be7 7. Nbd2 O-O 8.
O-O Nc6 9. Bb2 Qb6 10. a3 a5 11. Re1 Bd7 12. Qe2 a4 13. b4 Rfe8 14. Rac1 Rac8
15. c4 dxc4 16. Nxc4 Qa7 17. b5 Na5 18. b6 Qa8 19. Nfe5 Nxc4 20. Bxc4 Bd6 21.
Nxd7 Nxd7 22. Bb5 Rxc1 23. Rxc1 Re7 24. Bxd7 Rxd7 25. Qb5 Rd8 26. Rc4 Qb8 27.
h3 Rc8 28. Rxa4 Bh2+ 29. Kf1 Rc2 30. d5 exd5 31. g3 h5 32. Rb4 Bxg3 33. fxg3
Qxg3 34. Qe8+ Kh7 0-1

[Event "Copa Latinoamericana de Ajedrez 2011"]
[Site "Montevideo URU"]
[Date "2011.11.01"]
[Round "1.87"]
[White "Martinez, Ayelen"]
[Black "Dominguez, Facundo"]
[Result "1-0"]
[WhiteElo "2123"]
[BlackElo "1786"]
[PlyCount "55"]
[EventDate "2011.11.01"]
[EventType "swiss"]
[EventRounds "9"]
[EventCountry "URU"]
[Source "lmi"]
[SourceDate "2011.11.01"]

1. e4 e5 2. Nf3 Nc6 3. Bb5 a6 4. Ba4 Nf6 5. O-O Bc5 6. c3 d6 7. d4 exd4 8. cxd4
Ba7 9. d5 b5 10. dxc6 bxa4 11. Qxa4 Bg4 12. Nbd2 O-O 13. e5 Bxf3 14. Nxf3 dxe5
15. Nxe5 Qd5 16. Nf3 Ne4 17. Bf4 Nc5 18. Qc2 Ne6 19. Rfd1 Qb5 20. Bg3 Rfd8 21.
b3 Nd4 22. Nxd4 Bxd4 23. Bxc7 Rd5 24. a4 Qb4 25. Qc4 Bxa1 26. Qxd5 Bf6 27. Ba5
Qe7 28. c7 1-0

[Event "Copa Latinoamericana de Ajedrez 2011"]
[Site "Montevideo URU"]
[Date "2011.11.01"]
[Round "1.88"]
[White "Uslenghi, Leonel"]
[Black "Michailov, Matias"]
[Result "0-1"]
[WhiteElo "1781"]
[BlackElo "2117"]
[PlyCount "52"]
[EventDate "2011.11.01"]
[EventType "swiss"]
[EventRounds "9"]
[EventCountry "URU"]
[Source "lmi"]
[SourceDate "2011.11.01"]

1. d4 Nf6 2. Nf3 e6 3. e3 b6 4. Bd3 Bb7 5. Nbd2 Be7 6. O-O O-O 7. Qe2 c5 8. c3
Nc6 9. Ba6 Qc7 10. Bxb7 Qxb7 11. a3 d5 12. Ne5 Nxe5 13. dxe5 Nd7 14. f4 f5 15.
Qf3 b5 16. Qh3 a5 17. Nf3 b4 18. Bd2 bxa3 19. bxa3 a4 20. Be1 Nb6 21. Bh4 Nc4
22. Ng5 Bxg5 23. Bxg5 Rab8 24. Qg3 Kh8 25. Qh4 Nxe3 26. Rf3 Qb2 0-1

[Event "Copa Latinoamericana de Ajedrez 2011"]
[Site "Montevideo URU"]
[Date "2011.11.01"]
[Round "1.89"]
[White "Daneri, Martin"]
[Black "Chamlian, Aram"]
[Result "1-0"]
[WhiteElo "2110"]
[BlackElo "1758"]
[PlyCount "51"]
[EventDate "2011.11.01"]
[EventType "swiss"]
[EventRounds "9"]
[EventCountry "URU"]
[Source "lmi"]
[SourceDate "2011.11.01"]

1. c4 e5 2. Nc3 Nf6 3. Nf3 d6 4. g3 g6 5. Bg2 Bg7 6. d3 O-O 7. O-O Be6 8. Ng5
Bg4 9. Bxb7 Nbd7 10. Bxa8 Qxa8 11. h3 Bf5 12. e4 Be6 13. Nxe6 fxe6 14. Rb1 d5
15. Qe2 a5 16. Kh2 Nc5 17. f3 c6 18. b3 d4 19. Ba3 Qa7 20. Na4 Nxa4 21. bxa4 c5
22. Rb5 Nd7 23. Rfb1 Rb8 24. Qb2 Rxb5 25. Qxb5 Kf8 26. Qc6 1-0

[Event "Copa Latinoamericana de Ajedrez 2011"]
[Site "Montevideo URU"]
[Date "2011.11.01"]
[Round "1.90"]
[White "Dias Ibañez, Jorge Livi"]
[Black "Kasuo Okamura, Milton"]
[Result "0-1"]
[WhiteElo "1751"]
[BlackElo "2107"]
[PlyCount "82"]
[EventDate "2011.11.01"]
[EventType "swiss"]
[EventRounds "9"]
[EventCountry "URU"]
[Source "lmi"]
[SourceDate "2011.11.01"]

1. d4 d5 2. Nf3 Nf6 3. Bg5 Ne4 4. Bf4 e6 5. c3 Be7 6. e3 O-O 7. Bd3 f5 8. Ne5
c5 9. f3 Nf6 10. Bg5 Nc6 11. Nd2 Qc7 12. Bf4 Nh5 13. Ng6 Nxf4 14. Nxe7+ Nxe7
15. exf4 Qxf4 16. g3 Qe3+ 17. Qe2 cxd4 18. Qxe3 dxe3 19. Nb3 e5 20. O-O-O f4
21. Rde1 b6 22. g4 Bb7 23. Rhf1 a5 24. Kc2 Rac8 25. Kb1 a4 26. Nc1 Rc5 27. Ne2
e4 28. Bc2 g5 29. Nd4 Rf6 30. Bxa4 Ba6 31. Rh1 Rc4 32. Bb3 Rxd4 33. cxd4 exf3
34. h4 f2 35. hxg5 fxe1=Q+ 36. Rxe1 Rf8 37. Bd1 Bd3+ 38. Bc2 Be4 39. b3 Rc8 40.
Bxe4 dxe4 41. Kb2 f3 0-1

[Event "Copa Latinoamericana de Ajedrez 2011"]
[Site "Montevideo URU"]
[Date "2011.11.01"]
[Round "1.91"]
[White "Ulaneo, Nicolas"]
[Black "Ottonelo Gandarias, Marcos"]
[Result "0-1"]
[WhiteElo "2106"]
[BlackElo "1749"]
[PlyCount "80"]
[EventDate "2011.11.01"]
[EventType "swiss"]
[EventRounds "9"]
[EventCountry "URU"]
[Source "lmi"]
[SourceDate "2011.11.01"]

1. d4 d5 2. c4 e6 3. Nc3 Nf6 4. cxd5 exd5 5. Bg5 Nbd7 6. e3 Be7 7. Bd3 O-O 8.
Qc2 b6 9. Nge2 Bb7 10. O-O h6 11. Bf4 a6 12. h3 c5 13. a4 Nb8 14. dxc5 bxc5 15.
Qb3 Qd7 16. Rfd1 Nc6 17. Bf5 Qxf5 18. Qxb7 Rfc8 19. Nb5 Qe6 20. Nc7 Qd7 21.
Qxa8 Rxa8 22. Nxa8 Bd8 23. Rac1 Qa7 24. Bc7 Bxc7 25. Nxc7 Qxc7 26. Rxc5 Qb6 27.
Rdc1 Ne5 28. Rc8+ Kh7 29. R1c2 Nc4 30. Nd4 Qb4 31. b3 Ne5 32. Kf1 Nd3 33. Ke2
Ne1 34. R2c3 Ne4 35. Rc2 Nxc2 36. Rxc2 Nc5 37. Nc6 Qa3 38. Ne7 Nxb3 39. Nxd5
Qxa4 40. Nc7 Nd4+ 0-1

[Event "Copa Latinoamericana de Ajedrez 2011"]
[Site "Montevideo URU"]
[Date "2011.11.01"]
[Round "1.92"]
[White "Zoppolo, Cedric"]
[Black "De Lima, Carlos Alexandre"]
[Result "0-1"]
[WhiteElo "1744"]
[BlackElo "2106"]
[PlyCount "68"]
[EventDate "2011.11.01"]
[EventType "swiss"]
[EventRounds "9"]
[EventCountry "URU"]
[Source "lmi"]
[SourceDate "2011.11.01"]

1. c4 e5 2. Nc3 f5 3. e3 Nf6 4. d3 Be7 5. Nf3 d6 6. Be2 O-O 7. O-O c6 8. a3 a5
9. Bd2 Kh8 10. Qc2 Be6 11. b4 axb4 12. axb4 Nbd7 13. Ra2 Rc8 14. Rfa1 d5 15.
Qb2 dxc4 16. dxc4 b5 17. Ra5 Bxc4 18. Bxc4 bxc4 19. Nxe5 Nxe5 20. Rxe5 Qd6 21.
Rxf5 Ng4 22. Rf4 Rxf4 23. exf4 Rd8 24. Ne4 Qd3 25. f3 Nf6 26. Ng5 Qxd2 27. Qxd2
Rxd2 28. Ra8+ Bd8 29. Nf7+ Kg8 30. Nxd8 c3 31. Nxc6+ Kf7 32. Ne5+ Ke6 33. Ra6+
Kf5 34. g3 c2 0-1

[Event "Copa Latinoamericana de Ajedrez 2011"]
[Site "Montevideo URU"]
[Date "2011.11.01"]
[Round "1.93"]
[White "Cao, Jorge"]
[Black "Bidigaray, Marcio"]
[Result "1/2-1/2"]
[WhiteElo "2105"]
[BlackElo "1707"]
[PlyCount "52"]
[EventDate "2011.11.01"]
[EventType "swiss"]
[EventRounds "9"]
[EventCountry "URU"]
[Source "lmi"]
[SourceDate "2011.11.01"]

1. d4 Nf6 2. c4 e6 3. Nf3 c5 4. d5 exd5 5. cxd5 d6 6. Nc3 g6 7. e4 Bg7 8. Bd3
O-O 9. O-O Nbd7 10. h3 Re8 11. Re1 a6 12. a4 Rb8 13. Bf4 Qb6 14. Qd2 Nh5 15. a5
Qc7 16. Bh2 Ne5 17. Nxe5 Bxe5 18. Bxe5 Rxe5 19. f4 Re8 20. Na4 Qd8 21. Nb6 Qf6
22. f5 Qd4+ 23. Kh2 Qe5+ 24. Kg1 Qd4+ 25. Kh2 Qe5+ 26. Kg1 Qd4+ 1/2-1/2

[Event "Copa Latinoamericana de Ajedrez 2011"]
[Site "Montevideo URU"]
[Date "2011.11.01"]
[Round "1.94"]
[White "Zecharies, Alexis"]
[Black "Idiarte Borda, Jorge"]
[Result "1-0"]
[WhiteElo "1697"]
[BlackElo "2097"]
[PlyCount "55"]
[EventDate "2011.11.01"]
[EventType "swiss"]
[EventRounds "9"]
[EventCountry "URU"]
[Source "lmi"]
[SourceDate "2011.11.01"]

1. c4 e6 2. Nc3 d5 3. d4 c6 4. Nf3 f5 5. Bf4 Nf6 6. h3 Bd6 7. Ne5 O-O 8. c5 Be7
9. b4 Ne4 10. Nxe4 fxe4 11. e3 Nd7 12. Qg4 Nxe5 13. dxe5 b6 14. Be2 bxc5 15.
O-O cxb4 16. f3 exf3 17. Rxf3 Kh8 18. Rg3 Rg8 19. Bd3 Qe8 20. Bg5 Bxg5 21. Qxg5
h6 22. Qh4 c5 23. Rg6 Qxg6 24. Bxg6 Ba6 25. Qe7 Rgf8 26. Qxe6 Bc4 27. e4 Rad8
28. Bf5 1-0

[Event "Copa Latinoamericana de Ajedrez 2011"]
[Site "Montevideo URU"]
[Date "2011.11.01"]
[Round "1.95"]
[White "Colombo, Camila"]
[Black "Sanchez Britos, Ezequiel"]
[Result "1-0"]
[WhiteElo "2096"]
[BlackElo "1682"]
[PlyCount "45"]
[EventDate "2011.11.01"]
[EventType "swiss"]
[EventRounds "9"]
[EventCountry "URU"]
[Source "lmi"]
[SourceDate "2011.11.01"]

1. d4 d5 2. c4 Nf6 3. Nc3 Be6 4. Nf3 g6 5. cxd5 Bxd5 6. Nxd5 Nxd5 7. e4 Nb6 8.
Bb5+ N6d7 9. O-O Bg7 10. Bf4 O-O 11. Rc1 a6 12. Bxc7 Qe8 13. Ba4 b5 14. Bb3 Bh6
15. Rc2 Ra7 16. Bg3 a5 17. a4 b4 18. Bc4 Nc6 19. Bb5 Nd8 20. Ne5 Bg7 21. Nxd7
Rxd7 22. d5 e6 23. Bd6 1-0

[Event "Copa Latinoamericana de Ajedrez 2011"]
[Site "Montevideo URU"]
[Date "2011.11.01"]
[Round "1.96"]
[White "Belbey, Juan"]
[Black "Schuh, Astor Jose"]
[Result "0-1"]
[WhiteElo "1672"]
[BlackElo "2094"]
[PlyCount "70"]
[EventDate "2011.11.01"]
[EventType "swiss"]
[EventRounds "9"]
[EventCountry "URU"]
[Source "lmi"]
[SourceDate "2011.11.01"]

1. d4 Nf6 2. Nf3 e6 3. Bg5 Be7 4. e3 b6 5. a3 Bb7 6. Bd3 d5 7. Bb5+ c6 8. Bd3
Nbd7 9. c4 h6 10. Bf4 Nh5 11. Bg3 Nxg3 12. hxg3 dxc4 13. Bxc4 b5 14. Bd3 Qa5+
15. Nc3 b4 16. axb4 Qxb4 17. Qe2 c5 18. Bb5 cxd4 19. Bxd7+ Kxd7 20. Ra4 Qb6 21.
Rxd4+ Ke8 22. O-O Ba6 23. Qd2 Bxf1 24. Kxf1 Rd8 25. Rxd8+ Qxd8 26. Qc2 Kf8 27.
Qe4 h5 28. Ne5 Bf6 29. Nc6 Qb6 30. Na4 Qa6+ 31. Kg1 h4 32. Qb4+ Kg8 33. Nb8 Qe2
34. g4 h3 35. Nd7 h2+ 0-1

[Event "Copa Latinoamericana de Ajedrez 2011"]
[Site "Montevideo URU"]
[Date "2011.11.01"]
[Round "1.97"]
[White "Coppola, Claudio"]
[Black "De Leon, Veronica"]
[Result "1-0"]
[WhiteElo "2092"]
[BlackElo "1639"]
[PlyCount "53"]
[EventDate "2011.11.01"]
[EventType "swiss"]
[EventRounds "9"]
[EventCountry "URU"]
[Source "lmi"]
[SourceDate "2011.11.01"]

1. d4 d5 2. Nf3 Nf6 3. c4 e6 4. g3 Bb4+ 5. Bd2 Bxd2+ 6. Nbxd2 O-O 7. Bg2 Nbd7
8. O-O c6 9. Qc2 Re8 10. Rad1 Qc7 11. e4 Nf8 12. Ne5 N8d7 13. Nxd7 Qxd7 14. e5
Ng4 15. h3 Nh6 16. f4 Nf5 17. Qc3 Qc7 18. cxd5 exd5 19. Bxd5 Nxg3 20. Bxf7+
Qxf7 21. Qxg3 Qxa2 22. f5 Kh8 23. b3 Rg8 24. Ne4 Qc2 25. Nd6 Rf8 26. e6 Rf6 27.
Ne8 1-0

[Event "Copa Latinoamericana de Ajedrez 2011"]
[Site "Montevideo URU"]
[Date "2011.11.01"]
[Round "1.98"]
[White "Tramutolo, Gustavo"]
[Black "Bustelo, Tabare"]
[Result "0-1"]
[WhiteElo "1636"]
[BlackElo "2091"]
[PlyCount "56"]
[EventDate "2011.11.01"]
[EventType "swiss"]
[EventRounds "9"]
[EventCountry "URU"]
[Source "lmi"]
[SourceDate "2011.11.01"]

1. e4 c5 2. Nf3 Nc6 3. d4 cxd4 4. Nxd4 e5 5. Nb5 d6 6. Be3 Nf6 7. Nd2 a6 8. Nc3
b5 9. Nb3 Be6 10. Qf3 Bg4 11. Qg3 h5 12. f3 h4 13. Qf2 Be6 14. Bb6 Qb8 15.
O-O-O Be7 16. Na5 Nxa5 17. Bxa5 O-O 18. Qxh4 b4 19. Na4 d5 20. Nb6 Ra7 21. b3
Nxe4 22. Qe1 Nc3 23. Rd3 Nxa2+ 24. Kb2 Nc3 25. g4 e4 26. fxe4 dxe4 27. Rd4 Qe5
28. Qd2 Qxa5 0-1

[Event "Copa Latinoamericana de Ajedrez 2011"]
[Site "Montevideo URU"]
[Date "2011.11.01"]
[Round "1.99"]
[White "Cervetto, Esteban"]
[Black "Sanchez Britos, Alexander"]
[Result "1-0"]
[WhiteElo "2076"]
[BlackElo "1682"]
[PlyCount "53"]
[EventDate "2011.11.01"]
[EventType "swiss"]
[EventRounds "9"]
[EventCountry "URU"]
[Source "lmi"]
[SourceDate "2011.11.01"]

1. e4 e5 2. Nf3 Nc6 3. Bb5 d6 4. d4 Bd7 5. Nc3 a6 6. Bxc6 bxc6 7. dxe5 dxe5 8.
Nxe5 Nh6 9. Bxh6 gxh6 10. Qh5 Qe7 11. Nxd7 Qxd7 12. Qe5+ Qe7 13. Qxh8 O-O-O 14.
Qxh7 Qd7 15. Rd1 Qe6 16. Rxd8+ Kxd8 17. O-O Qf6 18. Qf5 Qxf5 19. exf5 Ke7 20.
Ne4 Kd7 21. a3 c5 22. f4 a5 23. g4 a4 24. g5 hxg5 25. fxg5 Bg7 26. f6 Bf8 27.
h4 1-0

[Event "Copa Latinoamericana de Ajedrez 2011"]
[Site "Montevideo URU"]
[Date "2011.11.01"]
[Round "1.100"]
[White "Rijo, Pedro"]
[Black "Bernal, Gustavo"]
[Result "0-1"]
[WhiteElo "1585"]
[BlackElo "2068"]
[PlyCount "68"]
[EventDate "2011.11.01"]
[EventType "swiss"]
[EventRounds "9"]
[EventCountry "URU"]
[Source "lmi"]
[SourceDate "2011.11.01"]

1. e4 c5 2. Nf3 Nc6 3. Bc4 e6 4. Nc3 a6 5. d3 d6 6. Bf4 Nf6 7. Bg5 Be7 8. O-O
O-O 9. Re1 Qc7 10. Bf4 b5 11. Bb3 b4 12. Na4 e5 13. Bd2 Na5 14. c3 Nxb3 15.
axb3 a5 16. Re3 Ng4 17. Re1 f5 18. h3 fxe4 19. dxe4 Nf6 20. Rc1 Qb7 21. Bg5 Be6
22. c4 h6 23. Bxf6 Rxf6 24. Re3 Raf8 25. Qe2 Bd8 26. Rf1 Bd7 27. Nh4 Kh7 28.
Rg3 g5 29. Nf3 Rf4 30. Nd2 g4 31. hxg4 Bh4 32. Rf3 Bxg4 33. Qe3 Bxf3 34. Nxf3
Rxf3 0-1

[Event "Copa Latinoamericana de Ajedrez 2011"]
[Site "Montevideo URU"]
[Date "2011.11.01"]
[Round "1.101"]
[White "Arean, Martin"]
[Black "Pintos, Luis"]
[Result "1-0"]
[WhiteElo "2066"]
[BlackElo "1567"]
[PlyCount "59"]
[EventDate "2011.11.01"]
[EventType "swiss"]
[EventRounds "9"]
[EventCountry "URU"]
[Source "lmi"]
[SourceDate "2011.11.01"]

1. c4 c5 2. Nf3 g6 3. Nc3 Bg7 4. g3 e6 5. Bg2 Nf6 6. d3 O-O 7. O-O Nc6 8. Rb1
d5 9. Bg5 h6 10. Bxf6 Bxf6 11. Nd2 Ne7 12. Qb3 dxc4 13. Qxc4 Qd4 14. Nde4 Nd5
15. Nxd5 exd5 16. Nxf6+ Qxf6 17. Bxd5 Qd6 18. Rbc1 Rd8 19. Bf3 Bh3 20. Rfd1 b6
21. Bxa8 Rxa8 22. Qh4 Qe6 23. Qe4 Qc8 24. d4 f5 25. Qd5+ Kg7 26. dxc5 Qf8 27.
cxb6 axb6 28. Rc7+ Kh8 29. Qe5+ Kg8 30. Rdd7 1-0

[Event "Copa Latinoamericana de Ajedrez 2011"]
[Site "Montevideo URU"]
[Date "2011.11.01"]
[Round "1.102"]
[White "Quevedo, Andreina"]
[Black "Cordero, Daniela"]
[Result "0-1"]
[WhiteElo "1530"]
[BlackElo "2062"]
[PlyCount "168"]
[EventDate "2011.11.01"]
[EventType "swiss"]
[EventRounds "9"]
[EventCountry "URU"]
[Source "lmi"]
[SourceDate "2011.11.01"]

1. e4 e6 2. d4 d5 3. exd5 exd5 4. Nf3 Nc6 5. Nc3 Bg4 6. Be2 Be7 7. O-O Nf6 8.
Bf4 O-O 9. a3 Re8 10. Qd3 Nh5 11. Be3 Nf6 12. Ng5 Bxe2 13. Qxe2 h6 14. Nf3 Ne4
15. Qd3 Bf6 16. Nd2 Nxc3 17. Qxc3 Qd7 18. Rfe1 Re7 19. Nf3 Rae8 20. Rad1 Qf5
21. Qd3 Qg4 22. h3 Qd7 23. c3 Na5 24. Bf4 Nc4 25. Qc2 Qb5 26. Rxe7 Rxe7 27. Rb1
b6 28. Bc1 Nd6 29. Bf4 Re2 30. Qc1 Re6 31. Ne5 Nc4 32. Nxc4 Qxc4 33. Qd2 Re2
34. Qd1 Re4 35. Be3 Bg5 36. Bxg5 hxg5 37. Rc1 Qb5 38. Rc2 Qe8 39. Rc1 Re2 40.
Rb1 f5 41. Qd3 g6 42. g3 a5 43. b4 axb4 44. axb4 Qe4 45. Qxe4 fxe4 46. Ra1 Rc2
47. Ra8+ Kf7 48. Ra3 Ke6 49. b5 Kd6 50. Kf1 Rb2 51. h4 gxh4 52. gxh4 Rxb5 53.
Ke2 Ra5 54. Rb3 Ra1 55. f3 Rh1 56. fxe4 dxe4 57. c4 Rxh4 58. Rg3 Rh6 59. Ke3
Ke6 60. Kxe4 Rh4+ 61. Ke3 Kf6 62. Rf3+ Kg7 63. Rg3 c5 64. dxc5 bxc5 65. Kd3 Kf6
66. Rf3+ Ke5 67. Rg3 Kf5 68. Rf3+ Rf4 69. Rg3 g5 70. Rh3 Kg4 71. Rh1 Kf3 72.
Rh5 Kg4 73. Rh1 Rd4+ 74. Kc3 Kf3 75. Rh5 Rg4 76. Rh1 Kg2 77. Rd1 Rg3+ 78. Kc2
g4 79. Rd2+ Kh3 80. Kb2 Rg2 81. Rxg2 Kxg2 82. Kc3 Kf2 83. Kd2 g3 84. Kd3 g2 0-1

[Event "Copa Latinoamericana de Ajedrez 2011"]
[Site "Montevideo URU"]
[Date "2011.11.01"]
[Round "1.103"]
[White "Meyer Monsalver, Ewald"]
[Black "Roibal, Felisardo"]
[Result "1-0"]
[WhiteElo "2060"]
[BlackElo "1518"]
[PlyCount "50"]
[EventDate "2011.11.01"]
[EventType "swiss"]
[EventRounds "9"]
[EventCountry "URU"]
[Source "lmi"]
[SourceDate "2011.11.01"]

1. d4 Nf6 2. c4 g6 3. Nc3 Bg7 4. e4 d6 5. Be2 c6 6. Be3 Nbd7 7. g4 O-O 8. g5
Ne8 9. Qd2 e6 10. O-O-O a6 11. h4 f5 12. gxf6 Ndxf6 13. f4 Nc7 14. h5 b5 15.
hxg6 hxg6 16. Nh3 Bb7 17. e5 dxe5 18. fxe5 Nh7 19. Rhg1 bxc4 20. Rxg6 Nd5 21.
Bh6 Rf7 22. Rdg1 Qf8 23. Rxg7+ Rxg7 24. Rxg7+ Qxg7 25. Bxg7 Kxg7 1-0

[Event "Copa Latinoamericana de Ajedrez 2011"]
[Site "Montevideo URU"]
[Date "2011.11.01"]
[Round "1.104"]
[White "Bengochea, Ricardo"]
[Black "Escofet, Jaime"]
[Result "0-1"]
[WhiteElo "1504"]
[BlackElo "2056"]
[PlyCount "27"]
[EventDate "2011.11.01"]
[EventType "swiss"]
[EventRounds "9"]
[EventCountry "URU"]
[Source "lmi"]
[SourceDate "2011.11.01"]

1. e4 e6 2. Nf3 d5 3. e5 c5 4. Bb5+ Nc6 5. O-O Bd7 6. d4 Nxe5 7. Bxd7+ Nxd7 8.
Be3 Ngf6 9. Nc3 Be7 10. Na4 cxd4 11. Bxd4 O-O 12. b3 Qc7 13. Nb2 Rac8 14. Rc1
0-1

[Event "Copa Latinoamericana de Ajedrez 2011"]
[Site "Montevideo URU"]
[Date "2011.11.01"]
[Round "1.105"]
[White "Garcia Silveira, Luis"]
[Black "Izquierdo, Martin"]
[Result "1-0"]
[WhiteElo "2053"]
[BlackElo "1438"]
[PlyCount "57"]
[EventDate "2011.11.01"]
[EventType "swiss"]
[EventRounds "9"]
[EventCountry "URU"]
[Source "lmi"]
[SourceDate "2011.11.01"]

1. e4 c5 2. Nf3 d6 3. d4 cxd4 4. Nxd4 Nf6 5. Nc3 g6 6. Be3 Bg7 7. Bc4 O-O 8. f3
Nc6 9. Qd2 Bd7 10. O-O-O Rc8 11. Bb3 Ne5 12. h4 Nc4 13. Bxc4 Rxc4 14. h5 Qb8
15. g4 Rfc8 16. hxg6 fxg6 17. Kb1 b5 18. Rc1 e6 19. Nde2 b4 20. Nd1 a5 21. b3
R4c6 22. Bd4 Ne8 23. Bxg7 Kxg7 24. Qh6+ Kf7 25. Qxh7+ Ng7 26. Nf4 Be8 27. Qxg6+
Kg8 28. Qh7+ Kf7 29. Nh5 1-0

[Event "Copa Latinoamericana de Ajedrez 2011"]
[Site "Montevideo URU"]
[Date "2011.11.01"]
[Round "1.106"]
[White "Baes, Diego"]
[Black "Tregarthen, Emiliano"]
[Result "0-1"]
[WhiteElo "1377"]
[BlackElo "2051"]
[PlyCount "50"]
[EventDate "2011.11.01"]
[EventType "swiss"]
[EventRounds "9"]
[EventCountry "URU"]
[Source "lmi"]
[SourceDate "2011.11.01"]

1. e4 c5 2. Nf3 d6 3. d4 cxd4 4. Nxd4 Nf6 5. Nc3 g6 6. Be3 Bg7 7. Be2 O-O 8.
Qd2 Nc6 9. h3 Bd7 10. g4 Rc8 11. O-O-O a6 12. Bh6 Nxd4 13. Bxg7 Nxe2+ 14. Qxe2
Kxg7 15. e5 Ne8 16. g5 Bc6 17. Rh2 Qa5 18. f4 dxe5 19. fxe5 Nc7 20. h4 Rcd8 21.
Rf2 Rxd1+ 22. Kxd1 Nd5 23. Qc4 Nxc3+ 24. Qxc3 Qxc3 25. bxc3 Be4 0-1

[Event "Copa Latinoamericana de Ajedrez 2011"]
[Site "Montevideo URU"]
[Date "2011.11.01"]
[Round "1.110"]
[White "Garcia, Cristian Javier"]
[Black "Rezende Vilela, Guilherme"]
[Result "0-1"]
[WhiteElo "2053"]
[BlackElo "2050"]
[PlyCount "62"]
[EventDate "2011.11.01"]
[EventType "swiss"]
[EventRounds "9"]
[EventCountry "URU"]
[Source "lmi"]
[SourceDate "2011.11.01"]

1. Nf3 c5 2. c4 Nf6 3. Nc3 e6 4. d4 cxd4 5. Nxd4 a6 6. Bg5 Qa5 7. Bd2 Qc7 8. e4
Nc6 9. Nc2 b6 10. a3 Bb7 11. b4 Bd6 12. Be3 Ne5 13. Qd4 Rc8 14. Qxb6 Qxb6 15.
Bxb6 Nxc4 16. Bxc4 Rxc4 17. Kd2 Be5 18. Na4 Nxe4+ 19. Kd3 d5 20. Raf1 Bc6 21.
Ne3 Bxa4 22. Nxc4 Bb5 23. Ke3 Bxc4 24. Re1 Bc3 25. Rd1 f5 26. f3 f4+ 27. Kxf4
Nd6 28. h4 Rf8+ 29. Kg4 Nf5 30. Rh3 d4 31. Kg5 Ne3 0-1